000 01206nam a2200325 a 4500
001 000109228
003 CHAP
005 20220329144042.0
008 140410s2013 mx a |sm |||||||spa|d
010 _a105690
011 _a106662
040 _cCHAP
090 _aTesis
100 1 _aVicente Gaspar, Alejandro
_9126378
245 1 0 _aEvaluación postcosecha de aguacate (Persea americana Mill.) cv. Hass tratado con ethylbloc (1-MCP) en refrigeración
_h[En línea]
_cpor Alejandro Vicente Gaspar.
260 _aChapingo, Méx. :
_bEl autor,
_c2013.
500 _aPara ver el contenido del material haga clic en la liga
502 _aTesis (Ing. Agr. Esp. en Fitotecnia) -- UACH. Departamento de Fitotecnia
590 _aBATCH-UPD
_b05
_c20141002
_lUCH01
_h0900
590 _aE792CSJ
_b05
_c20140410
_lUCH01
_h1228
590 _aE792CSJ
_b05
_c20140410
_lUCH01
_h1228
650 1 4 _aAguacate
_xAlmacenamiento.
_92491
650 1 4 _aAguacate
_xConservación por frío.
_92500
650 1 4 _aAguacate
_xEmpaque.
_92509
650 1 4 _aAguacate
_xTecnología postcosecha.
_92557
856 _aFinding aid
_uhttp://10.13.5.2/tesis/sist109228.pdf
_zTeclea aquí
901 _aBK
942 _cTESIS
942 _n0
999 _c105690
_d105690